| 000 | 00398nam a2200157Ia 4500 | ||
|---|---|---|---|
| 005 | 20260417150919.0 | ||
| 008 | 260417s9999||||xx |||||||||||||| ||und|| | ||
| 020 | _a9781009391733 | ||
| 041 | _aeng | ||
| 100 | _aSchmaling/Kaplan | ||
| 245 | 0 | _aRethinking clinical research | |
| 260 |
_bCambridge, Cambridge, _c2025 |
||
| 650 | _aPsychology | ||
| 856 | _u10.1017/9781009391733 | ||
| 942 | _cE-BOOK | ||
| 999 |
_c50678 _d50678 |
||